000 00239nam a2200097Ia 4500
001 910005
005 20250826185652.0
008 250824s9999 xx 000 0 und d
245 0 _aKARARTMA GECELERİ
_cRIFAT ILGAZ
260 _bÇINAR YAYINLARI
999 _c910005
_d910005